书目信息 |
| 题名: |
美俄关系史研究
|
|
| 作者: | 董小川 著 | |
| 分册: | ||
| 出版信息: | 长春 东北师范大学出版社 1999.09 |
|
| 页数: | 384页 | |
| 开本: | 32开 | |
| 丛书名: | 东北师范大学文库 | |
| 单 册: | ||
| 中图分类: | D871.29 | |
| 科图分类: | ||
| 主题词: | 外交关系 , 国际关系 | |
| 电子资源: | ||
| ISBN: | 7-5602-2471-7 | |
| 000 | 00748nam0 2200265 45 | |
| 001 | 0106051722 | |
| 005 | 20031219104050.3 | |
| 010 | @a7-5602-2471-7@dCNY15.00 | |
| 100 | @a20010605d1999 km y0chiy0120 ea | |
| 101 | 0 | @achi |
| 105 | @a z 000yy | |
| 200 | 1 | @a美俄关系史研究@AMei E Guan Xi Shi Yan Jiu@e1648~1917@f董小川著@FDong Xiao Chuan Zhu |
| 210 | @a长春@c东北师范大学出版社@d1999.09 | |
| 215 | @a384页@d32开 | |
| 225 | @a东北师范大学文库 | |
| 410 | @12001 @a东北师范大学文库 | |
| 517 | @a1648~1917 | |
| 606 | 0 | @a外交关系 |
| 606 | 0 | @a国际关系 |
| 607 | @a美国@x国际关系史 | |
| 607 | @a俄国@x国际关系史 | |
| 690 | @aD871.29@v4 | |
| 701 | @a董小川@4著 | |
| 801 | @aCN@bTSTC@c20010605 | |
| 905 | @f5@b298026-030@dD871.29@e26 | |
| 美俄关系史研究:1648~1917/董小川著.-长春:东北师范大学出版社,1999.09 |
| 384页;32开.-(东北师范大学文库) |
| ISBN 7-5602-2471-7:CNY15.00 |
| ● |
| 相关链接 |
|
|
|
|
正题名:美俄关系史研究
索取号:D871.29/26
 
预约/预借
| 序号 | 登录号 | 条形码 | 馆藏地/架位号 | 状态 | 备注 |
| 1 | 0298026 | 202980266 | 第一借阅区/ [索取号:D871.29/26] | 在馆 | |
| 2 | 0298027 | 202980275 | 第一借阅区/ [索取号:D871.29/26] | 在馆 | |
| 3 | 0298028 | 202980284 | 第一借阅区/ [索取号:D871.29/26] | 在馆 | |
| 4 | 0298029 | 202980293 | 第一借阅区/ [索取号:D871.29/26] | 在馆 | |
| 5 | 0298030 | 202980300 | 第一样本阅览室/ [索取号:D871.29/26] | 在馆 |